Hệ thống văn bản về chế độ kiểm toán hiện hành

Sách trình bày về các chuẩn mực kiểm toán, các dự thảo mới nhất, nhằm cho độc giả có một cái nhìn tổng thể và bao quát hơn các văn bản đang áp dụng, điều chỉnh công tác của một người làm kế toán - kiểm toán; Luật kiểm toán nhà nướ...

Celý popis

Uloženo v:
Podrobná bibliografie
Hlavní autor: Nguyễn, Việt Hưng
Médium: Kniha
Jazyk:Undetermined
Vydáno: Hà Nội Thống kê 2008
Témata:
Tagy: Přidat tag
Žádné tagy, Buďte první, kdo otaguje tento záznam!
Thư viện lưu trữ: Trung tâm Học liệu Trường Đại học Cần Thơ
LEADER 01171nam a2200205Ia 4500
001 CTU_150307
008 210402s9999 xx 000 0 und d
020 |c 148500 
082 |a 657.45 
082 |b H556 
100 |a Nguyễn, Việt Hưng 
245 0 |a Hệ thống văn bản về chế độ kiểm toán hiện hành 
245 0 |c Nguyễn Việt Hưng , Phạm Quang Huy 
260 |a Hà Nội 
260 |b Thống kê 
260 |c 2008 
520 |a Sách trình bày về các chuẩn mực kiểm toán, các dự thảo mới nhất, nhằm cho độc giả có một cái nhìn tổng thể và bao quát hơn các văn bản đang áp dụng, điều chỉnh công tác của một người làm kế toán - kiểm toán; Luật kiểm toán nhà nước; 37 Chuẩn mực Kiểm toán hiện hành (VSA); Các văn bản khác liên quan đến Kiểm toán; Dự thảo luật thuế TNDN & Thuế GTGT . 
650 |a Auditing,Kiểm toán 
904 |i Hoan 
980 |a Trung tâm Học liệu Trường Đại học Cần Thơ